=LDR 00000nam 2200000 4500 =001 INLIS000000000017557 =005 20130612112752 =008 ***********************************Ind** =035 ##$$0010-061300000017557 =041 ##$$a Ind =082 ##$$a 636.7 =090 ##$$a 636.7, Hat m =100 ##$$a Hatmosrojo, Rakhmatdi =245 ##$$a Melatih anjing penjaga, Rachmatdi Hatmosraja, SH =260 ##$$a 2003 $b Jakarta =300 ##$$a viii, 111 hlm, ilus, 23 cm =650 ##$$a Anjing-melatih =850 ##$$a NBPNMAT